2025 WWE Title Changes (So Far) - Statistics

General Stats
  • This quiz has been taken 83 times
  • The average score is 10 of 16
Answer Stats
Hint Answer % Correct
World Heavyweight Championship Jey Uso
81%
WWE Undisputed Championship John Cena
78%
United States Championship LA Knight
73%
WWE Women's Championship Tiffany Stratton
72%
Women's World Championship Iyo Sky
67%
United States Championship Jacob Fatu
67%
Women's Tag Team Championship Liv Morgan
64%
Intercontinental Championship Dominik Mysterio
63%
Women's Tag Team Championship Raquel Rodriguez
61%
Women's Tag Team Championship Becky Lynch
59%
World Tag Team Championship Kofi Kingston
59%
Women's Tag Team Championship Lyra Valkyria
59%
World Tag Team Championship Xavier Woods
58%
Women's United States Championship Zelina Vega
58%
WWE Tag Team Championship Angelo Dawkins
55%
WWE Tag Team Championship Montez Ford
53%
No matching quizzes found
Score Distribution
Percent of People with Each Score
Percentile by Number Answered
Your Score History
You have not taken this quiz